Statystyki dla 4 najlepsze drużyny piłkarskie z 30 najlepszych lig uefa

Kliknij tutaj aby rozwiązać quiz!

Ogólne statystyki

  • Ten quiz został rozwiązany 334 razy
  • Średni wynik to 11 z 120

Statystyki odpowiedzi

państwoklub% Poprawnych
HiszpaniaReal Madryt
98%
HiszpaniaFC Barcelona
97%
AngliaManchester city
81%
AngliaLiverpool
76%
HiszpaniaSevilla
73%
AngliaChelsea Londyn
41%
FrancjaPSG
28%
WłochyInter Mediolan
27%
WłochyJuventus Turyn
27%
AngliaLeicester city
27%
PolskaLegia Warszawa
23%
PolskaLech Poznań
22%
PortugaliaFC Porto
21%
PortugaliaSporting Lizbona
19%
HolandiaAjax Amsterdam
18%
PortugaliaBenfica Lizbona
18%
NiemcyFC Bayern monachium
16%
PolskaPiast Gliwice
16%
UkrainaDynamo Kijów
15%
WłochyLazio Rzym
15%
WłochyAtalanta
14%
HiszpaniaGetafe
14%
RosjaLokomotiv Moskwa
14%
SzkocjaCeltic Glasgow
13%
ChorwacjaDinamo Zagrzeb
13%
UkrainaSzachtar Donieck
13%
NiemcyBorusia Dortmund
12%
PortugaliaBraga
11%
SzwecjaMalmo
11%
BelgiaGent
10%
FrancjaOlympique Marsylia
10%
SzkocjaRangers
10%
AustriaRed bull salzburg
10%
CzechySlavia Praga
10%
RosjaZenit Sankt Petersburg
10%
GrecjaAEK Ateny
9%
CyprApoel Nikozja
9%
BelgiaClub Brugge
9%
DaniaFC Kopenhaga
9%
BiałoruśBATE Borysów
8%
PolskaCracovia Kraków
8%
SzwajcariaFC Basel
8%
TurcjaGalatasaray Stambuł
8%
GrecjaPAOK Saloniki
8%
AustriaRapid Wiedeń
8%
HolandiaAZ Alkmaar
7%
HolandiaFeyenoord Rotterdam
7%
ChorwacjaHajduk Split
6%
SerbiaPartizan Belgrad
6%
NiemcyRB Leipzig
6%
SłowacjaSlovan Bratysława
6%
IzraelMacabi Tel Awiw
5%
NorwegiaMolde
5%
CyprOmonia Nikozja
5%
HolandiaPSV Eidhoven
5%
SzwajcariaYoung Boys Berno
5%
SzkocjaAberdeen
4%
AustriaLASK Linz
4%
TurcjaTrabzonspor
4%
RumuniaCFR Cluj
3%
KazachstanFK Astana
3%
RosjaFK Krasnodar
3%
AzerbejdżanKarabach Agdam
3%
IzrealMacabi Hajfa
3%
NorwegiaRosenborg Trondheim
3%
SzwecjaAIK Sztokholm
2%
CyprApollon limassol
2%
IzraelBeitar Jerozolima
2%
RosjaFK Rostów
2%
FrancjaLille OSC
2%
GrecjaOlimpiakos Pireus
2%
FrancjaStade Rennes
2%
UkrainaZoria Ługańsk
2%
BelgiaAntwerp
1%
CzechyBanik Ostrawa
1%
NiemcyBorusia Monchengladbach
1%
DaniaBrondby IF
1%
BiałoruśDynamo Brześć
1%
DaniaFC Midjylland
1%
BiałoruśFK Mińsk
1%
CzechyJablonec
1%
KzachstanKajrat Ałmaty
1%
BułgariaLewski Sofia
1%
BułgariaŁudogorec Razgard
1%
SzkocjaMotherwell
1%
TurcjaSivaspor
1%
SłowacjaSpartak Trnawa
1%
DaniaAGF Aarhus
0%
CyprAnorthosis
0%
RumuniaBotosani
0%
SerbiaCrvena Zewzda Belgrad
0%
RumuniaCS Uniwersitea Craiowa
0%
SłowacjaDAC 1904 Dunajska Streda
0%
UkrainaDesna
0%
AzerbejdżanFK Neftczi
0%
SzwecjaHaecken
0%
IzraelHapoel Be'er Szewa
0%
SzwecjaIK Goteborg
0%
TurcjaIstambul Basakesir
0%
KazachstanKaisar Kyzylorda
0%
AzerbejdżanKeshla
0%
BułgariaLiteks Łowecz
0%
BułgariaLokomotiv Płowdiw
0%
SłowacjaMSK Zlina
0%
ChorwacjaNK Lokomotiva Zagrzeb
0%
GrecjaPanathiniakos Ateny
0%
ChorwacjaRjeka
0%
SzwajcariaServette Genewa
0%
BelgiaSporting Charleroi
0%
RumuniaSteua Bukaraszt
0%
SzwajcariaSt Gallen
0%
NorwegiaStroemsgodset
0%
AzerbejdżanSumqavit
0%
BiałoruśSzachcior Soligorsk
0%
KazachstanTobył Kostanaj
0%
SerbiaTSC Backa Topola
0%
NorwegiaVaalrenga
0%
CzechyVictoria Plizno
0%
SerbiaVojvodina Subotica
0%
AustriaWolfsberger
0%

Rozkład punktacji

Percentyl według liczby udzielonych odpowiedzi

Procent ludzi z każdym wynikiem

Twoja historia wyników

Nie rozwiązałeś tego quizu